LEADER 01745nam a2200349 i 4500 001 991001853749707536 008 101214s2011 riua b 100 0 eng d 020 $a9780821853290 035 $ab14081258-39ule_inst 040 $aDip.to Matematica e Fisica$beng 082 00$a530.143$222 084 $aAMS 81T15 084 $aAMS 65D30 084 $aLC QC20.7.R43M56 111 2 $aMini-Workshop on Renormalization$d<2006 :$cMax Planck Institut fur Mathematik>$0477619 245 10$aCombinatorics and physics :$bMini-Workshop on Renormalization, December 15-16, 2006; Conference on Combinatorics and Physics, March 19-23, 2007, Max Planck Institut fèur Mathematik, Bonn, Germany /$cKurusch Ebrahimi-Fard, Matilde Marcolli, Walter D. van Suijlekom, editors 260 $aProvidence, R. I. :$bAmerican Mathematical Society,$cc2011 300 $aix, 465 p. :$bill. ;$c26 cm 440 0$aContemporary mathematics,$x0271-4132 ;$v539 504 $aIncludes bibliographical references 650 0$aRenormalization group$vCongresses 650 0$aQuantum field theory$vCongresses 650 0$aNumerical integration$vCongresses 700 1 $aEbrahimi-Fard, Kurusch$eauthor$4http://id.loc.gov/vocabulary/relators/aut$0732202 700 1 $aMarcolli, Matilde$eauthor$4http://id.loc.gov/vocabulary/relators/aut$066096 700 1 $aSuijlekom, Walter D. van.$eauthor$4http://id.loc.gov/vocabulary/relators/aut$0732203 907 $a.b14081258$b02-04-14$c15-10-12 912 $a991001853749707536 945 $aLE013 81T EBR11 (2011)$g1$i2013000217062$lle013$op$pE130.00$q-$rl$s- $t0$u0$v0$w0$x0$y.i15455312$z09-11-12 996 $aCombinatorics and physics$91442569 997 $aUNISALENTO 998 $ale013$b15-10-12$cm$da $e-$feng$griu$h0$i0 LEADER 03929nam 2200709 a 450 001 9910965151103321 005 20230801223535.0 010 $a9786613714008 010 $a9781118239629 010 $a1118239628 010 $a9781280872693 010 $a1280872691 010 $a9781118226322 010 $a1118226321 035 $a(CKB)2670000000209167 035 $a(EBL)832586 035 $a(OCoLC)797919342 035 $a(SSID)ssj0000678386 035 $a(PQKBManifestationID)11394134 035 $a(PQKBTitleCode)TC0000678386 035 $a(PQKBWorkID)10727001 035 $a(PQKB)10143972 035 $a(MiAaPQ)EBC832586 035 $a(DLC) 2012014246 035 $a(Au-PeEL)EBL832586 035 $a(CaPaEBR)ebr10575460 035 $a(CaONFJC)MIL371400 035 $a(Perlego)1013656 035 $a(EXLCZ)992670000000209167 100 $a20120403d2012 uy 0 101 0 $aeng 135 $aurcn||||||||| 181 $ctxt 182 $cc 183 $acr 200 10$aMission possible $ehow the secrets of the success academies can work in any school /$fEva Moskowitz, Arin Lavinia 205 $a1st ed. 210 $aSan Francisco, Calif. $cJossey-Bass$d2012 215 $a1 online resource (178 p.) 300 $aDescription based upon print version of record. 311 08$a9781118167281 311 08$a1118167287 320 $aIncludes bibliographical references and index. 327 $aMachine generated contents note: IntroductionChapter 1 WHY? What's Wrong with American Schools?Chapter 2 HOW? Making School a Magical PlaceChapter 3 WHO? It's All About the AdultsChapter 4 FAST: Putting Adults and Children on the Fast TrackChapter 5 RIGOR: Raising the Bar for EverybodyChapter 6 READING: The Starting Point for All ElseChapter 7 WRITING: Putting Ideas into the World with EleganceChapter 8 CALL TO ACTION: How to Make Every School a Success AcademyEndnotesAcknowledgmentsAbout the AuthorsIndex. 330 $a"Strategies for making the schools we need that work for all kidsEva Moskowitz (the founder and CEO of the Success Charter Network in Harlem) and Arin Lavinia offer practical, classroom-tested ideas for dramatically improving teaching and learning. Moskowitz and Lavinia reveal how a charter school in the middle of Harlem, enrolling neighborhood children selected at random, emerged as one of the top schools in New York City and State within three years. The results of the Harlem school were on a par with public schools for gifted students and elite private schools. Describes what can be accomplished when students and adults all work to focus on constant learning and performance improvement; DVD clips are included for illustration The Success Academies have been featured in two popular and widely distributed documentaries, Waiting for Superman and The Lottery Details the Success Academies' THINK Literacy curriculum, which produces dramatic results in kids reading and writing skills In addition to providing strategies and lessons for school leaders and teachers, Secrets of the Success Academies also serves as a guide for parents, policymakers, and practitioners who are passionate about closing the academic achievement gap"--$cProvided by publisher. 606 $aSchool improvement programs$zNew York (State)$zNew York$vCase studies 606 $aAcademic achievement$zNew York (State)$zNew York$vCase studies 606 $aCharter schools$zNew York (State)$zNew York$vCase studies 615 0$aSchool improvement programs 615 0$aAcademic achievement 615 0$aCharter schools 676 $a371.2/07097471 686 $aEDU029020$2bisacsh 700 $aMoskowitz$b Eva S$01814737 701 $aLavinia$b Arin$f1977-$01814738 801 0$bMiAaPQ 801 1$bMiAaPQ 801 2$bMiAaPQ 906 $aBOOK 912 $a9910965151103321 996 $aMission possible$94368800 997 $aUNINA LEADER 03608oam 22007694a 450 001 9910137403903321 005 20260304110036.0 010 $a1-003-69991-X 010 $a1-04-078947-1 010 $a90-485-2714-7 024 7 $a10.1515/9789048527144 035 $a(CKB)3710000000539500 035 $a(EBL)4391594 035 $a(SSID)ssj0001680355 035 $a(PQKBManifestationID)16496359 035 $a(PQKBTitleCode)TC0001680355 035 $a(PQKBWorkID)15028485 035 $a(PQKB)11171304 035 $a(OCoLC)933298032 035 $a(WaSeSS)IndRDA00056367 035 $a(DE-B1597)502475 035 $a(OCoLC)952057922 035 $a(DE-B1597)9789048527144 035 $a(Au-PeEL)EBL4391594 035 $a(CaPaEBR)ebr11153794 035 $a(CaONFJC)MIL882497 035 $a(OCoLC)1281773748 035 $a(MdBmJHUP)musev2_66310 035 $a(oapen)https://directory.doabooks.org/handle/20.500.12854/33145 035 $a(ScCtBLL)cd0d138a-88d3-4a88-ab4a-3eaba43de305 035 $a(Perlego)1458822 035 $a(oapen)doab33145 035 $a(MiAaPQ)EBC4391594 035 $a(ScCtBLL)fd8b4832-f6b4-4f11-8c68-556509f63cd4 035 $a(ODN)ODN0012396702 035 $a(EXLCZ)993710000000539500 100 $a20150403h20152015 uy 0 101 0 $aeng 135 $aurcn#nnn||||| 181 $ctxt$2rdacontent 182 $cc$2rdamedia 183 $acr$2rdacarrier 200 10$aMobilizing Labour for the Global Coffee Market$fJan Breman 210 $cAmsterdam University Press$d2015 210 1$aAmsterdam :$cAmsterdam University Press,$d[2015] 210 4$d©[2015] 215 $a1 online resource (404 pages) $ccolour illustrations, colour maps, colour portraits 225 0 $aSocial histories of work in Asia ;$v1 300 $aIncludes index. 311 08$a90-8964-859-3 320 $aIncludes bibliographical references and index. 327 $tFront matter --$tTable of contents --$tPrologue: The need for forced labour --$tI. The company as a territorial power --$tII. The introduction of forced cultivation --$tIII. From trading company to state enterprise --$tIV. Government regulated exploitation versus private agribusiness --$tV. Unfree labour as a condition for progress --$tVI. The coffee regime under the cultivation system --$tVII. Winding up the Priangan system of governance --$tVIII. Eclipse of the coffee regime from the Sunda highlands --$tEpilogue: Servitude as the road to progress --$tGlossary --$tList of abbreviations --$tList of illustrations --$tArchival sources --$tIndex of names 330 $aCoffee has been grown on Java for the commercial market since the early eighteenth century, when the Dutch East India Company began buying from peasant producers in the Priangan highlands. What began as a commercial transaction, however, soon became a system of compulsory production. This book shows how the Dutch East India Company mobilized land and labor, why they turned to force cultivation, and what effects the brutal system they installed had on the economy and society. 410 0$aSocial histories of work in Asia. 606 $aCoffee industry$zIndonesia$zJava$xHistory 606 $aForced labor$zIndonesia$zJava$xHistory 608 $aElectronic books. 615 0$aCoffee industry$xHistory. 615 0$aForced labor$xHistory. 676 $a331.1173 700 $aBreman$b Jan$0643318 801 0$bMdBmJHUP 801 1$bMdBmJHUP 906 $aBOOK 912 $a9910137403903321 996 $aMobilizing labour for the global coffee market$91946228 997 $aUNINA